Πολιτικές (επανα)δρομολόγησης για ιδιοτελείς χρήστες : πτυχιακή εργασία

Χαρακτηριστικό του Διαδικτύου είναι η έλλειψη μιας κεντρικής διαχειριστικής αρχής ικανής να επιβλέπει την χρησιμοποίηση των διαμοιραζόμενων πόρων και να επιβάλλει κανόνες για την διαχείριση τους. Για τον λόγο αυτό, οι χρήστες του δρούν αυτόνομα και εγωιστικά με το μόνο που να τους ενδιαφέρει είναι ν...

Πλήρης περιγραφή

Αποθηκεύτηκε σε:
Λεπτομέρειες βιβλιογραφικής εγγραφής
Κύριος συγγραφέας: Αγαθοκλέους, Στυλιανή
Συγγραφή απο Οργανισμό/Αρχή: Πανεπιστήμιο Αιγαίου. Σχολή Θετικών Επιστημών. Τμήμα Μηχανικών Πληροφοριακών και Επικοινωνιακών Συστημάτων
Μορφή: Thesis Βιβλίο
Γλώσσα:Greek
Δημοσίευση: 2008.
Θέματα:
Διαθέσιμο Online:http://hdl.handle.net/11610/8930
Ετικέτες: Προσθήκη ετικέτας
Δεν υπάρχουν, Καταχωρήστε ετικέτα πρώτοι!

MARC

LEADER 00000cam a2200000 i 4500
001 1/103405
008 090327s2008 gr | ||| |||| ||gre||
035 |l 10104031 
040 |a GR-MyUA  |b gre  |e AACR2 
041 0 |a gre 
082 0 |a 004.62   |2 (22) 
100 1 |a Αγαθοκλέους, Στυλιανή. 
245 1 0 |a Πολιτικές (επανα)δρομολόγησης για ιδιοτελείς χρήστες :   |b πτυχιακή εργασία /   |c της Στυλιανής Αγαθοκλέους ; επιβλέπων καθηγητής, Δημήτριος Φωτάκης.  
260 |c 2008.  
300 |a viii, 81 σ. :   |b σχ., πιν. ;   |c 30 εκ.  
500 |a Μέλη της εξεταστικής επιτροπής: Φωτάκης Δημήτριος, Τζουραμάνης Θεόδωρος, Σταματάτος Ευστάθιος.  
502 |a Πτυχιακή εργασία – Πανεπιστήμιο Αιγαίου, Σάμος, 2008. 
504 |a Βιβλιογραφία: σ. 80-81.  
506 0 |a Διάθεση πλήρους κειμένου - Ελεύθερη πρόσβαση.  
520 |a Χαρακτηριστικό του Διαδικτύου είναι η έλλειψη μιας κεντρικής διαχειριστικής αρχής ικανής να επιβλέπει την χρησιμοποίηση των διαμοιραζόμενων πόρων και να επιβάλλει κανόνες για την διαχείριση τους. Για τον λόγο αυτό, οι χρήστες του δρούν αυτόνομα και εγωιστικά με το μόνο που να τους ενδιαφέρει είναι να μην υπόκεινται καθυστερήσεις. Είναι γεγονός ότι δρομολογούνται καθημερινά εκατομμύρια πακέτα στο διαδίκτυο και υπάρχει υψηλή συμφόρηση σε κάθε είδους συνδέσης μεταξύ τερματικών και εξυπηρετητών. Όσο μεγαλύτερος είναι ο αριθμός των πακέτων που περνούν από μια σύνδεση, τόσο μεγαλύτερη είναι και η καθυστέρηση που υφίστανται οι χρήστες που την χρησιμοποιούν. Κάθε χρήστης προσπαθεί να δρομολογήσει τα πακέτα του από μία σύντομη διαδρομή ανάμεσα στην αφετηρία και τον προορισμό του. Όταν διαπιστώσει ότι αυτά δεν ακολουθούν μια συντομότερη διαδρομή, τα επαναδρομολογεί σε κάποια συντομότερη, ως αποτέλεσμα να αυξάνει την καθυστέρηση που υφίστανται τα πακέτα άλλων χρηστών, οι οποίοι με τη σειρά τους προχωρούν σε επαναδρομολόγηση των δικών τους πακέτων κ.ο.κ. Μια καλή πολιτική επαναδρομολόγησης θα φρόντιζε κατάλληλα έτσι ώστε να μην χρειάζεται οι χρήστες να επαναδρομολογούν τα πακέτα τους λόγω υψηλής καθυστέρησης, πολλές φορές, εώς ότου να βρούν ένα μονοπάτι που θα τους παρέχει την ελάχιστη καθυστέρηση. Το έργο της, είναι κατά κάποιο τρόπο να εμποδίσει την δημιουργία συμφόρησης σε ένα δίκτυο που δεν υπάρχει κάποιος διαχειριστής που να συντονίζει τους χρήστες και ο κάθε ένας δρά εγωιστικά. Στην παρούσα διπλωματική εργασία μελετήσαμε, υλοποιήσαμε και αξιολογήσαμε την αποδοτικότητα δύο πολιτικών επαναδρομολόγησης σε διάφορες τοπολογίες δικτύων με ικανοποιητικό αριθμό χρηστών. 
520 |a In large-scale or evolving networks, such as the Internet, there is no authority possible to enforce a centralized traffic management, as a result the users act autonomously and selfishly aiming to minimize the delays that they must confront due to network congestion. Millions of data packets are routed every day through each possible network link contributing to its congestion. The bigger the number of packets routed through a network link the bigger the delay for the users using it. Users are trying to route their packets through a shortest path between their current position and destination. When and if their packets face a bigger delay than what they expected, they reroute their traffic through another shortest path causing a delay increment for other commuting users and consequently the other users are pushed to reroute their traffic and so on. A good rerouting policy would prevent this iteration caused by users rerouting their traffic of becoming too many for each user until he finds a route which he will be pleased with its delay. A good rerouting policy should somehow prevent the creation of congestion through a network, where there is no central authority to coordinate users for a better distribution of their packets over the internet and users act selfishly and independently. In this diploma thesis we studied, programmed and evaluated the performance of two rerouting policies through various network topologies with sufficient number of users. 
540 |a Κλειδωμένη δυνατότητα αντιγραφής (copy) κειμένου.  
610 2 0 |a University of the Aegean  |x Dissertations. 
650 0 0 |a Routers (Computer networks) 
650 0 0 |a Dissertations, Academic  |z Greece. 
700 0 |a Φωτάκης, Δημήτριος,  |e dgs 
710 2 |a Πανεπιστήμιο Αιγαίου.   |b Σχολή Θετικών Επιστημών.   |b Τμήμα Μηχανικών Πληροφοριακών και Επικοινωνιακών Συστημάτων. 
852 |a INST  |b SAMOS  |c DIATR  |e 20090327  |h 004.62 ΑΓΑ  |p 005300029795  |q 005300029795  |t DIE  |y 23 
852 |a INST  |b SAMOS  |c DIATR  |e 20090327  |h 004.62 ΑΓΑ  |p 005300029796  |q 005300029796  |t DIE  |y 23 
856 |u http://hdl.handle.net/11610/8930 
901 |a BIBL3-2009-1 
909 |a Σ  |b 134919 
909 |a Σ  |b 134920 
924 |a ΑΓΑΘΟΚΛΕΟΥΣ  |b ΣΤΥΛΙΑΝΗ  |y Σάμος  |z 2008-10 
970 |a ΚΟΣΙΕΡΗΣ  |b ΧΡΗΣΤΟΣ  |z 2009/03/27